000 00573nam a2200181Ia 4500
005 20250508154057.0
008 008 250505s9999 xx 000 0 eng d
037 _aBooks to be hide in OPAC
040 _aFEDL
_beng
_cFEDL
041 _aeng
_2eng
084 _a010, CUM/O
_qFEDL
100 _aThompson Nina R Ed.
245 0 _aCumulative book index world list of books in the english language August-December 1964
260 _aNew York, USA
_bThe H W Wilson Company
_c1965
300 _avii,792p.
942 _cHB
_h010, CUM/O
999 _c1347475
_d1347475